| 000 | 00445 a2200157 4500 | ||
|---|---|---|---|
| 001 | 64191 | ||
| 020 | _a9788507011883 | ||
| 040 | _cAnchieta - Pituba | ||
| 100 | _aAcademia Brasileira de Letras | ||
| 240 | 1 | 0 |
_aDicionário escolar da língua portuguesa _lpor |
| 245 | 1 | 0 | _aDicionário escolar da língua portuguesa |
| 300 | _a1312 | ||
| 362 | 0 | _a2008 | |
| 650 | 4 | _aObras enciclopédicas gerais de línguas espanhola e portuguesa | |
| 942 | _cBK | ||
| 999 |
_c64191 _d64191 |
||